000 00531nam a2200193Ia 4500
005 20250508163913.0
008 008 250505s9999 xx 000 0 eng d
020 _a81-7033-575-3
037 _aTextual
040 _aFEDL
_beng
_cFEDL
041 _aeng
_2eng
084 _a370.193, ANI
_qFEDL
100 _aAnitha B.K.
_9776730
245 0 _aVillage, caste and education
260 _aJaipur, India
_bRawat Publications
_c2000
300 _a238p.
942 _cTEXL
_h370.193, ANI
999 _c1385888
_d1385888